Concepto de la democracia (Record no. 161604)
[ view plain ]
| 000 -LEADER | |
|---|---|
| campo de control de longitud fija | 01026nam a2200205 i 4500 |
| 001 - NÚMERO DE CONTROL | |
| campo de control | 161604 |
| 003 - IDENTIFICADOR DE NÚMERO DE CONTROL | |
| campo de control | ES-MaACL |
| 005 - FECHA Y HORA DE LA ÚLTIMA TRANSACCIÓN | |
| campo de control | 20250728043247.0 |
| 008 - DATOS DE LONGITUD FIJA--INFORMACIÓN GENERAL | |
| campo de control de longitud fija | 931025s1882 sp |||| | spa d |
| 100 1# - ENTRADA PRINCIPAL--NOMBRE DE PERSONA | |
| Nombre de persona | Pedregal Cañedo, Manuel, |
| Fechas asociadas al nombre | 1831-1896 |
| 9 (RLIN) | 130930 |
| 245 10 - MENCIÓN DEL TÍTULO | |
| Título | Concepto de la democracia |
| Resto del título | : resumen de la discusión sostenida en la Sección de Ciencias Morales y Políticas del Ateneo de Madrid durante el curso de 1881 a 1882 / |
| Mención de responsabilidad, etc. | por el presidente de la Sección, Manuel Pedregal y Cañedo. |
| 260 ## - PUBLICACIÓN, DISTRIBUCIÓN, ETC. | |
| Lugar de publicación, distribución, etc. | Madrid : |
| Nombre del editor, distribuidor, etc. | [s.n.], |
| Fecha de publicación, distribución, etc. | 1882 ( |
| Fabricante | Estab. Tip. de M.P. Montoya y Compañía) |
| 300 ## - DESCRIPCIÓN FÍSICA | |
| Extensión | 74 p. ; |
| Dimensiones | 16 cm. |
| 530 ## - NOTA DISPONIBLE DE FORMULARIO FÍSICO ADICIONAL | |
| Nota de formato físico adicional disponible | Disponible en formato digital. |
| 650 #7 - PUNTO DE ACCESO ADICIONAL DE MATERIA--TÉRMINO DE MATERIA | |
| Término de materia o nombre geográfico como elemento de entrada | Democracia |
| Fuente del encabezamiento o término | embne |
| 9 (RLIN) | 11574 |
| 710 2# - ENTRADA AGREGADA--NOMBRE DE ENTIDAD CORPORATIVA | |
| Nombre de entidad corporativa o nombre de jurisdicción como elemento de entrada | Ateneo de Madrid. |
| Unidad subordinada | Sección de Ciencias Morales y Políticas |
| 9 (RLIN) | 1985 |
| 852 ## - LOCALIZACIÓN | |
| Ubicación | ES-MaACL |
| Número de control de estantería | T-411-F-2 |
| Nota libre | - Enc. hol. |
| condición física | - Falto de cub. original |
| Nota libre | - Enc. en un vol. facticio |
| 856 ## - LOCALIZACIÓN Y ACCESO ELECTRÓNICOS | |
| Identificador Uniforme de Recursos | <a href="http://bdh-rd.bne.es/viewer.vm?id=0000092354&page=1 ">http://bdh-rd.bne.es/viewer.vm?id=0000092354&page=1 </a> |
| Nota pública | Biblioteca Digital Hispánica |
| Estatus retirado | Estado de pérdida | Estado de daño | No para préstamo | Colección | Biblioteca de origen | Biblioteca actual | Ubicación en estantería | Fecha de adquisición | Total de préstamos | Signatura topográfica completa | Código de barras | Visto por última vez | Precio de reemplazo | Tipo de ítem Koha |
|---|---|---|---|---|---|---|---|---|---|---|---|---|---|---|
| Colección de folletos | Biblioteca del Ateneo de Madrid | Biblioteca del Ateneo de Madrid | Depósito folletos | 17/01/2008 | T-411-F-2 | 1169279 | 23/02/2023 | 23/02/2023 | Folleto |
